| 000 | 00972nam a2200289 a 4500 | ||
|---|---|---|---|
| 001 | 41770 | ||
| 003 | BD-RjUL | ||
| 005 | 20211209053440.0 | ||
| 008 | 160606s2012 bg 000 0 eng | ||
| 020 |
_a12345678 : _cTK. 400.00 |
||
| 035 | _a(OCoLC)ocn826458799 | ||
| 035 | _a(OCoLC)826458799 | ||
| 035 | _a(NNC)10516540 | ||
| 040 |
_aDLC _beng _cDLC _dCOO _dOCLCO |
||
| 041 | _aeng | ||
| 082 |
_223 _a958.08 _bTOH 2012 |
||
| 245 | 0 | 0 |
_aTo host or to hurt : _bcounter-narratives on Rohingya refugee issue in Bangladesh / _cedited by Nasir Uddin. |
| 260 |
_aDhaka : _bInstitute of Culture & Development Research, _c2012. |
||
| 300 |
_axvi, 152 p. ; _c22 cm. |
||
| 504 | _aIncludes bibliographical references (p. [145]-152). | ||
| 650 | 0 |
_aRohingya (Burmese people) _9128321 |
|
| 650 | 0 |
_aRohingya (Burmese people) _zBangladesh. _9128322 |
|
| 650 | 0 |
_aRefugees _zBurma. _9128323 |
|
| 650 | 0 |
_aRefugees _zBangladesh. _9128324 |
|
| 942 |
_2ddc _cBK |
||
| 999 |
_c41770 _d41770 |
||